| 000 | 01715nam0a2200337 4500 | ||
|---|---|---|---|
| 001 | RU\NLR\BIBL_A\022634498 | ||
| 005 | 20260409074647.0 | ||
| 010 |
_a978-5-00151-478-7 _9500 |
||
| 035 | _a(NLR Aleph) 022634498 | ||
| 090 |
_a13532866 _c13532866 |
||
| 100 | _a20251001d2025 k y0rusy50 ca | ||
| 101 | 0 |
_arus _deng |
|
| 102 | _aRU | ||
| 105 | _aa z 000yy | ||
| 181 | 0 |
_ai _bxxxe |
|
| 182 | 0 | _an | |
| 200 | 1 |
_aОнтологическое введение в русскую религиозную философию _eмонография _fА. В. Усачев _gМинистерство науки и высшего образования Российской Федерации, Федеральное государственное бюджетное образовательное учреждение высшего образования "Елецкий государственный университет им. И. А. Бунина" |
|
| 203 |
_aТекст _bвизуальный _cнепосредственный |
||
| 210 |
_aЕлец _cЕГУ им. И. А. Бунина _d2025 |
||
| 215 |
_a203 с. _cил. _d20 |
||
| 300 | _aРез. англ. | ||
| 320 | _aБиблиогр.: с. 193–202 (171 назв.) и в подстроч. примеч. | ||
| 606 | 1 |
_aОнтология _xИстория _92213312 _3RU\NLR\AUTH\661329484 |
|
| 606 |
_aРелигиозная философия русская _xИстория _3RU\NLR\AUTH\661312673 _92183066 |
||
| 686 | 1 | _aЮ3(2)6-678 | |
| 686 | 1 | _aЮ21г | |
| 700 | 1 |
_aУсачев _bА. В. _gАлександр Владимирович |
|
| 942 | _cBOOK | ||
| 980 | _aNB | ||